000 00401nam a22001697a 4500
003 OSt
005 20260413095314.0
007 385 pages
008 260413b |||||||| |||| 00| 0 eng d
020 _a9781838647520
040 _c
082 _24
_a004.678
_bTAM
245 _aPractical Mobile Forensics
_cTamma,Rohit
250 _a4
260 _bPACKT
_c2020
942 _2ddc
_cRB
_e4
_k004.678
_mTAM
_n0
999 _c36340
_d36340